[Event "3e Tournoi de Maitres"]
[Site "Montigny le Bretonneux"]
[Date "2016.10.22"]
[Round "1.1"]
[White "Eden, James"]
[Black "Guliyev, Namig"]
[Result "0-1"]
[WhiteElo "2297"]
[BlackElo "2579"]
[Annotator "Rivier, Sylvain"]
[PlyCount "60"]
[EventDate "2016.10.??"]
[EventType "tourn"]
[EventRounds "9"]
[EventCountry "FRA"]
[SourceTitle "La Dame Noire"]
[Source "Sylvain Rivier"]
[SourceDate "2016.10.30"]

1. e4 c5 2. Nf3 d6 3. d4 cxd4 4. Nxd4 Nf6 5. Nc3 a6 6. h3 e6 7. g4 b5 8. g5
Nfd7 9. a3 Bb7 10. Be3 Nc6 11. Nxc6 Bxc6 12. Qd2 Be7 13. h4 O-O 14. O-O-O Qb8
15. Qd4 a5 16. Nd5 exd5 17. exd5 Bb7 18. Bxb5 Qc7 19. h5 Rfc8 20. Qe4 Bf8 21.
Bd3 g6 22. hxg6 hxg6 23. Bd4 Bg7 24. Kb1 Ne5 25. f4 Nxd3 26. cxd3 Qc2+ 27. Ka1
Re8 28. Bxg7 Rxe4 29. Bf6 Qxd1+ 30. Rxd1 Rxf4 0-1

[Event "3e Tournoi de Maitres"]
[Site "Montigny le Bretonneux"]
[Date "2016.10.22"]
[Round "1.2"]
[White "Todorov, Todor"]
[Black "Valuet, Bertrand"]
[Result "1/2-1/2"]
[WhiteElo "2472"]
[BlackElo "2300"]
[Annotator "Rivier, Sylvain"]
[PlyCount "79"]
[EventDate "2016.10.??"]
[EventType "tourn"]
[EventRounds "9"]
[EventCountry "FRA"]
[SourceTitle "La Dame Noire"]
[Source "Sylvain Rivier"]
[SourceDate "2016.10.30"]

1. d4 e6 2. Nf3 d5 3. Bf4 c5 4. e3 Nc6 5. c3 Nf6 6. Nbd2 Nh5 7. Bg5 Qb6 8. Rb1
h6 9. Bh4 g5 10. Bg3 cxd4 11. exd4 Nxg3 12. hxg3 Bg7 13. Nb3 O-O 14. Be2 Re8
15. Qc2 e5 16. Nxe5 Nxe5 17. dxe5 Rxe5 18. O-O Bf5 19. Bd3 Bxd3 20. Qxd3 Rae8
21. Rbd1 Re2 22. Rd2 Rxd2 23. Qxd2 Qa6 24. Nc1 Qc4 25. Re1 Rxe1+ 26. Qxe1 d4
27. Qe8+ Bf8 28. Qe4 Qb5 29. Nb3 d3 30. Qe3 Qa4 31. Qxd3 Qxa2 32. Qc2 Ba3 33.
Nd2 Qxb2 34. Qd3 Qc1+ 35. Kh2 Qd1 36. Qd4 Bf8 37. Ne4 Qh5+ 38. Kg1 Qd1+ 39. Kh2
Qh5+ 40. Kg1 1/2-1/2

[Event "3e Tournoi de Maitres"]
[Site "Montigny le Bretonneux"]
[Date "2016.10.22"]
[Round "1.3"]
[White "Duboue, Peio"]
[Black "Dimitrov, Atanas"]
[Result "1-0"]
[WhiteElo "2415"]
[BlackElo "2301"]
[Annotator "Rivier, Sylvain"]
[PlyCount "51"]
[EventDate "2016.10.??"]
[EventType "tourn"]
[EventRounds "9"]
[EventCountry "FRA"]
[SourceTitle "La Dame Noire"]
[Source "Sylvain Rivier"]
[SourceDate "2016.10.30"]

{DÃ fense sicilienne, variante LÃPwenthal} 1. e4 c5 2. Nf3 Nc6 3. d4 cxd4 4.
Nxd4 d5 5. Bb5 dxe4 6. O-O Bd7 7. Nxc6 Bxc6 8. Bxc6+ bxc6 9. Qe2 Nf6 10. Bg5 e6
11. Rd1 Qc7 12. Bxf6 gxf6 13. Qxe4 Bg7 14. Nc3 f5 15. Nb5 Qb6 16. Nd6+ Kf8 17.
Qh4 Qc7 18. Rd3 h6 19. Rad1 Kg8 20. Nc4 c5 21. Rd7 Qc6 22. Qe7 Rf8 23. Nd6 Rh7
24. Nxf7 Bxb2 25. Nxh6+ Rxh6 26. Qg5+ 1-0

[Event "3e Tournoi de Maitres"]
[Site "Montigny le Bretonneux"]
[Date "2016.10.22"]
[Round "1.4"]
[White "Philippe, Guillaume"]
[Black "Sohier, Julien"]
[Result "1-0"]
[WhiteElo "2319"]
[BlackElo "2282"]
[Annotator "Rivier, Sylvain"]
[PlyCount "101"]
[EventDate "2016.10.??"]
[EventType "tourn"]
[EventRounds "9"]
[EventCountry "FRA"]
[SourceTitle "La Dame Noire"]
[Source "Sylvain Rivier"]
[SourceDate "2016.10.30"]

1. Nf3 d5 2. g3 c6 3. Bg2 Nf6 4. O-O Bg4 5. d3 Nbd7 6. Nbd2 e5 7. e4 Bd6 8. h3
Bh5 9. exd5 cxd5 10. c4 d4 11. Re1 O-O 12. Qc2 Re8 13. Nh4 Qc7 14. Nf5 Bf8 15.
g4 Bg6 16. Ng3 Rac8 17. Qd1 Nc5 18. Nde4 Nfxe4 19. Nxe4 Nxe4 20. Bxe4 Bxe4 21.
Rxe4 Re6 22. Bd2 g6 23. Qf3 Bg7 24. Rae1 Qb6 25. R4e2 Qa6 26. b4 b5 27. c5 Rce8
28. Qd5 Qa3 29. Qb3 Ra6 30. Bc1 Qxb3 31. axb3 Ree6 32. f4 exf4 33. Bxf4 Rac6
34. Bd6 Re3 35. Rxe3 dxe3 36. Kg2 Bc3 37. Rxe3 Bxb4 38. d4 a5 39. Re8+ Kg7 40.
g5 Rxd6 41. cxd6 Bxd6 42. Ra8 Bc7 43. Kf3 h6 44. h4 hxg5 45. hxg5 a4 46. bxa4
bxa4 47. d5 a3 48. Rxa3 Kf8 49. Ra8+ Ke7 50. Ra7 Kd6 51. Rxc7 1-0

[Event "3e Tournoi de Maitres"]
[Site "Montigny le Bretonneux"]
[Date "2016.10.22"]
[Round "1.5"]
[White "Choukri, Adel"]
[Black "Mirimanian, Hayk"]
[Result "1-0"]
[WhiteElo "2265"]
[BlackElo "2243"]
[Annotator "Rivier, Sylvain"]
[PlyCount "43"]
[EventDate "2016.10.??"]
[EventType "tourn"]
[EventRounds "9"]
[EventCountry "FRA"]
[SourceTitle "La Dame Noire"]
[Source "Sylvain Rivier"]
[SourceDate "2016.10.30"]

1. d4 d5 2. c4 dxc4 3. e3 e5 4. Nf3 exd4 5. Bxc4 Bd6 6. Qb3 Qe7 7. O-O d3 8. e4
Nd7 9. Re1 Nc5 10. Qc3 Ne6 11. a3 Bc5 12. Bxe6 Bxe6 13. b4 Bb6 14. Qxg7 f6 15.
Qxh8 O-O-O 16. e5 Rf8 17. exf6 Qd6 18. f7 Bxf7 19. Nbd2 Nf6 20. Qg7 Bd5 21. Bb2
Rf7 22. Bxf6 1-0

[Event "3e Tournoi de Maitres"]
[Site "Montigny le Bretonneux"]
[Date "2016.10.23"]
[Round "2.1"]
[White "Guliyev, Namig"]
[Black "Choukri, Adel"]
[Result "0-1"]
[WhiteElo "2579"]
[BlackElo "2265"]
[Annotator "Rivier, Sylvain"]
[PlyCount "64"]
[EventDate "2016.10.??"]
[EventType "tourn"]
[EventRounds "9"]
[EventCountry "FRA"]
[SourceTitle "La Dame Noire"]
[Source "Sylvain Rivier"]
[SourceDate "2016.10.30"]

1. e4 e6 2. d4 d5 3. Nc3 Bb4 4. exd5 exd5 5. Bd3 Nf6 6. Nge2 O-O 7. a3 Bd6 8.
Nb5 Be7 9. Bf4 Na6 10. Nbc3 b6 11. O-O c6 12. Ng3 Re8 13. Qd2 g6 14. Rae1 Nc7
15. Be5 Nd7 16. f4 f5 17. Nce2 Nxe5 18. fxe5 Bg5 19. Qc3 Bd7 20. Kh1 Ne6 21. b4
f4 22. Nf5 gxf5 23. Bxf5 Rf8 24. Bxe6+ Bxe6 25. Qxc6 Qd7 26. Qc3 Rac8 27. Qd2
Qg7 28. Qd3 Qg6 29. Qa6 Rxc2 30. Qxa7 Bh4 31. g3 Qe4+ 32. Kg1 Qe3+ 0-1

[Event "3e Tournoi de Maitres"]
[Site "Montigny le Bretonneux"]
[Date "2016.10.23"]
[Round "2.2"]
[White "Mirimanian, Hayk"]
[Black "Duboue, Peio"]
[Result "1-0"]
[WhiteElo "2243"]
[BlackElo "2415"]
[Annotator "Rivier, Sylvain"]
[PlyCount "77"]
[EventDate "2016.10.??"]
[EventType "tourn"]
[EventRounds "9"]
[EventCountry "FRA"]
[SourceTitle "La Dame Noire"]
[Source "Sylvain Rivier"]
[SourceDate "2016.10.30"]

1. e4 e5 2. Nf3 Nc6 3. Bc4 Nf6 4. d3 Be7 5. O-O O-O 6. Re1 d6 7. c3 h6 8. Nbd2
Nh7 9. Nf1 Ng5 10. Nxg5 Bxg5 11. d4 Bxc1 12. Rxc1 Qf6 13. Ne3 Ne7 14. Nd5 Nxd5
15. exd5 Bd7 16. dxe5 dxe5 17. Qe2 Rfe8 18. Bd3 Rad8 19. c4 Qg5 20. Qe3 b6 21.
b4 Bc8 22. Rc3 Qe7 23. a3 f5 24. c5 Kh8 25. Bb5 Bd7 26. d6 cxd6 27. c6 f4 28.
Qe4 d5 29. Qg6 Bc8 30. c7 Rd7 31. Bxd7 Qxd7 32. Qc6 Kg8 33. Qxd7 Bxd7 34. Rd3
Bc6 35. Rxe5 Rxe5 36. c8=Q+ Re8 37. Qxe8+ Bxe8 38. Rxd5 Kf7 39. Rf5+ 1-0

[Event "3e Tournoi de Maitres"]
[Site "Montigny le Bretonneux"]
[Date "2016.10.23"]
[Round "2.3"]
[White "Dimitrov, Atanas"]
[Black "Todorov, Todor"]
[Result "1/2-1/2"]
[WhiteElo "2301"]
[BlackElo "2472"]
[Annotator "Rivier, Sylvain"]
[PlyCount "29"]
[EventDate "2016.10.??"]
[EventType "tourn"]
[EventRounds "9"]
[EventCountry "FRA"]
[SourceTitle "La Dame Noire"]
[Source "Sylvain Rivier"]
[SourceDate "2016.10.30"]

1. e4 d6 2. d4 Nf6 3. Bd3 g6 4. Nf3 Bg7 5. O-O O-O 6. c3 Bg4 7. Nbd2 e6 8. Re1
c6 9. b3 d5 10. Bb2 Nbd7 11. h3 Bxf3 12. Nxf3 Qc7 13. c4 dxe4 14. Bxe4 Nxe4 15.
Rxe4 1/2-1/2

[Event "3e Tournoi de Maitres"]
[Site "Montigny le Bretonneux"]
[Date "2016.10.23"]
[Round "2.4"]
[White "Philippe, Guillaume"]
[Black "Eden, James"]
[Result "0-1"]
[WhiteElo "2319"]
[BlackElo "2297"]
[Annotator "Rivier, Sylvain"]
[PlyCount "76"]
[EventDate "2016.10.??"]
[EventType "tourn"]
[EventRounds "9"]
[EventCountry "FRA"]
[SourceTitle "La Dame Noire"]
[Source "Sylvain Rivier"]
[SourceDate "2016.10.30"]

1. Nf3 d5 2. g3 Nf6 3. Bg2 Bf5 4. O-O e6 5. d3 h6 6. Nbd2 Be7 7. Ne5 Nbd7 8.
Nxd7 Qxd7 9. e4 dxe4 10. dxe4 Bg4 11. Qe1 O-O 12. h3 Bh5 13. g4 Bg6 14. f4 Rad8
15. Kh1 Qa4 16. c3 Rxd2 17. Bxd2 Bxe4 18. Qf2 Rd8 19. Rae1 Rd3 20. Kh2 Bd6 21.
Bc1 Bxg2 22. Qxg2 Qxa2 23. Qxb7 Rxc3 24. Qg2 Rc4 25. Kh1 Qb3 26. Re2 Nd5 27. f5
Rxc1 28. Rxc1 Nf4 29. Qa8+ Kh7 30. Rh2 Nd5 31. Qc6 Qf3+ 32. Rg2 Qxh3+ 33. Kg1
Qe3+ 34. Kh1 Qh3+ 35. Kg1 Bf4 36. Rf1 Be3+ 37. Rff2 Nf4 38. fxe6 Ne2+ 0-1

[Event "3e Tournoi de Maitres"]
[Site "Montigny le Bretonneux"]
[Date "2016.10.23"]
[Round "2.5"]
[White "Sohier, Julien"]
[Black "Valuet, Bertrand"]
[Result "1-0"]
[WhiteElo "2282"]
[BlackElo "2300"]
[Annotator "Rivier, Sylvain"]
[PlyCount "81"]
[EventDate "2016.10.??"]
[EventType "tourn"]
[EventRounds "9"]
[EventCountry "FRA"]
[SourceTitle "La Dame Noire"]
[Source "Sylvain Rivier"]
[SourceDate "2016.10.30"]

1. d4 e6 2. e4 d5 3. Nc3 Bb4 4. e5 c5 5. a3 Bxc3+ 6. bxc3 Ne7 7. Qg4 cxd4 8.
Qxg7 Rg8 9. Qxh7 Qc7 10. Ne2 Nbc6 11. f4 dxc3 12. h4 Bd7 13. Qd3 d4 14. h5
O-O-O 15. h6 Kb8 16. h7 Rh8 17. Rb1 Bc8 18. Rh5 b6 19. Ng3 Bb7 20. Ne4 Na5 21.
Ng5 Nec6 22. Be2 Bc8 23. Qg3 Nb7 24. a4 a5 25. Ba3 Nb4 26. Bxb4 axb4 27. Bd3
Nc5 28. Rxb4 f6 29. exf6 e5 30. fxe5 Nxd3+ 31. Qxd3 Qxe5+ 32. Kf1 Rde8 33.
Rxb6+ Bb7 34. Kg1 Qe1+ 35. Kh2 Re3 36. Rxb7+ Kxb7 37. Qb5+ Ka7 38. Qd7+ Ka6 39.
Qc6+ Ka7 40. Ne4 Rh3+ 41. Rxh3 1-0

[Event "3e Tournoi de Maitres"]
[Site "Montigny le Bretonneux"]
[Date "2016.10.24"]
[Round "3.1"]
[White "Duboue, Peio"]
[Black "Guliyev, Namig"]
[Result "1/2-1/2"]
[WhiteElo "2415"]
[BlackElo "2579"]
[Annotator "Rivier, Sylvain"]
[PlyCount "109"]
[EventDate "2016.10.??"]
[EventType "tourn"]
[EventRounds "9"]
[EventCountry "FRA"]
[SourceTitle "La Dame Noire"]
[Source "Sylvain Rivier"]
[SourceDate "2016.10.30"]

1. e4 c5 2. Nf3 d6 3. d4 cxd4 4. Nxd4 Nf6 5. Nc3 e6 6. Be3 a6 7. f3 b5 8. Qd2
Nbd7 9. g4 Nb6 10. a4 bxa4 11. Nxa4 Nxa4 12. Rxa4 Bb7 13. Rb4 Qd7 14. g5 Nh5
15. Nb3 d5 16. Rb6 Qc7 17. Na5 Bc8 18. exd5 Bc5 19. Rc6 Bxe3 20. Rxc7 Bxd2+ 21.
Kxd2 exd5 22. Bxa6 Bxa6 23. Re1+ Kf8 24. Ree7 Bb5 25. Nb7 Be8 26. Nd6 Nf4 27.
Nxe8 Ng6 28. Rxf7+ Kxe8 29. Rxg7 Rf8 30. Rxh7 Rxf3 31. h4 Nf8 32. Rh8 Rf7 33.
Rxf7 Kxf7 34. Rh6 Ne6 35. Rf6+ Ke7 36. Rf5 Kd6 37. g6 Ra4 38. h5 Rg4 39. Ke3
Rh4 40. Kf2 Ng7 41. Rg5 Ke6 42. Kg3 Rh1 43. Kg2 Rxh5 44. Rxh5 Nxh5 45. Kf3 Kf5
46. Ke3 Ke5 47. c3 Ng7 48. b4 Ne6 49. b5 Kd6 50. b6 Kc6 51. b7 Kxb7 52. c4 dxc4
53. g7 Nxg7 54. Kd4 Kc6 55. Kxc4 1/2-1/2

[Event "3e Tournoi de Maitres"]
[Site "Montigny le Bretonneux"]
[Date "2016.10.24"]
[Round "3.2"]
[White "Choukri, Adel"]
[Black "Philippe, Guillaume"]
[Result "0-1"]
[WhiteElo "2265"]
[BlackElo "2319"]
[Annotator "Rivier, Sylvain"]
[PlyCount "90"]
[EventDate "2016.10.??"]
[EventType "tourn"]
[EventRounds "9"]
[EventCountry "FRA"]
[SourceTitle "La Dame Noire"]
[Source "Sylvain Rivier"]
[SourceDate "2016.10.30"]

1. d4 f5 2. Nf3 Nf6 3. g3 g6 4. Bg2 Bg7 5. O-O O-O 6. c4 d6 7. Nc3 c6 8. Rb1 a5
9. b3 Na6 10. a3 Bd7 11. b4 axb4 12. axb4 Nc7 13. b5 cxb5 14. cxb5 Ne4 15. Nxe4
fxe4 16. b6 Nb5 17. Ng5 d5 18. Qb3 e6 19. Nxe6 Bxe6 20. Qxb5 Bxd4 21. e3 Bf6
22. Bb2 Ra6 23. Qb4 Bg4 24. Bxf6 Rxf6 25. Qd4 Be2 26. Rfc1 Bd3 27. Rb3 Raxb6
28. Rbc3 Rfc6 29. Bh3 Rxc3 30. Qxc3 Rc6 31. Qa1 Rxc1+ 32. Qxc1 b5 33. Be6+ Kg7
34. h4 Bc4 35. Qa1+ Qf6 36. Qa7+ Kh6 37. Bg8 Qg7 38. Qb8 Qa1+ 39. Kh2 Qf6 40.
Kg1 Kg7 41. Qa8 Qe5 42. Qc8 Qa1+ 43. Kh2 Qf6 44. Kg1 Qf8 45. Qe6 h5 0-1

[Event "3e Tournoi de Maitres"]
[Site "Montigny le Bretonneux"]
[Date "2016.10.24"]
[Round "3.3"]
[White "Todorov, Todor"]
[Black "Mirimanian, Hayk"]
[Result "1/2-1/2"]
[WhiteElo "2472"]
[BlackElo "2243"]
[Annotator "Rivier, Sylvain"]
[PlyCount "32"]
[EventDate "2016.10.??"]
[EventType "tourn"]
[EventRounds "9"]
[EventCountry "FRA"]
[SourceTitle "La Dame Noire"]
[Source "Sylvain Rivier"]
[SourceDate "2016.10.30"]

1. e4 e5 2. Nf3 Nc6 3. Bb5 a6 4. Ba4 Nge7 5. O-O Ng6 6. d4 exd4 7. c3 d3 8.
Qxd3 Be7 9. c4 O-O 10. Nc3 Nce5 11. Nxe5 Nxe5 12. Qe2 Nxc4 13. Qxc4 b5 14. Qd5
c6 15. Qd4 bxa4 16. Qxa4 Qb6 1/2-1/2

[Event "3e Tournoi de Maitres"]
[Site "Montigny le Bretonneux"]
[Date "2016.10.24"]
[Round "3.4"]
[White "Valuet, Bertrand"]
[Black "Dimitrov, Atanas"]
[Result "0-1"]
[WhiteElo "2300"]
[BlackElo "2301"]
[Annotator "Rivier, Sylvain"]
[PlyCount "128"]
[EventDate "2016.10.??"]
[EventType "tourn"]
[EventRounds "9"]
[EventCountry "FRA"]
[SourceTitle "La Dame Noire"]
[Source "Sylvain Rivier"]
[SourceDate "2016.10.30"]

1. e4 e5 2. f4 Bc5 3. Nf3 d6 4. c3 Nf6 5. fxe5 dxe5 6. Nxe5 O-O 7. d4 Bd6 8.
Nf3 Nxe4 9. Bd3 Bf5 10. O-O Bg6 11. Qc2 Re8 12. Nbd2 Nf6 13. Bxg6 hxg6 14. Nc4
Nbd7 15. Ng5 Nb6 16. Nxd6 cxd6 17. Qb3 Qd7 18. Bf4 Nbd5 19. c4 Nxf4 20. Rxf4
Re2 21. Qb4 Rae8 22. Raf1 R8e7 23. h3 b6 24. d5 R7e5 25. Nf3 R5e4 26. Nd4 Rxf4
27. Nxe2 Nxd5 28. Qd2 Rxf1+ 29. Kxf1 Nf6 30. Nc3 Qf5+ 31. Qf2 Qe5 32. Qf3 Qd4
33. b3 Kh7 34. a4 a6 35. g4 g5 36. Ke2 g6 37. Qe3 Qxe3+ 38. Kxe3 Kg7 39. b4 Kf8
40. b5 a5 41. Kf3 Ke7 42. h4 gxh4 43. g5 Nd7 44. Nd5+ Ke6 45. Kf4 f6 46. gxf6
Nxf6 47. Nxb6 g5+ 48. Ke3 h3 49. Kf2 Ne4+ 50. Kg1 Nc5 51. Kh2 g4 52. Nd5 Nxa4
53. b6 Nc5 54. Ne3 Ke5 55. Nxg4+ Kd4 56. Nf6 a4 57. Nd5 Kxc4 58. Ne3+ Kb3 59.
Nf5 a3 60. Nxd6 a2 61. Ne4 a1=Q 62. Nxc5+ Kc4 63. b7 Qe5+ 64. Kxh3 Kxc5 0-1

[Event "3e Tournoi de Maitres"]
[Site "Montigny le Bretonneux"]
[Date "2016.10.24"]
[Round "3.5"]
[White "Eden, James"]
[Black "Sohier, Julien"]
[Result "1-0"]
[WhiteElo "2297"]
[BlackElo "2282"]
[Annotator "Rivier, Sylvain"]
[PlyCount "95"]
[EventDate "2016.10.??"]
[EventType "tourn"]
[EventRounds "9"]
[EventCountry "FRA"]
[SourceTitle "La Dame Noire"]
[Source "Sylvain Rivier"]
[SourceDate "2016.10.30"]

1. e4 e5 2. Nf3 Nc6 3. Bc4 Bc5 4. c3 Nf6 5. d3 O-O 6. Bg5 Be7 7. O-O d6 8. Nbd2
Be6 9. Re1 Nd7 10. Bxe6 fxe6 11. Be3 Nf6 12. b4 a6 13. a4 Qd7 14. h3 Kh8 15.
Rb1 b5 16. Qc2 d5 17. Nb3 d4 18. cxd4 Nxb4 19. Qc3 exd4 20. Bxd4 Rfd8 21. Ne5
Qe8 22. a5 Rac8 23. Bc5 Bxc5 24. Nxc5 Nc6 25. Nxa6 Nxe5 26. Qxe5 c6 27. Rb3 Nd7
28. Qc3 Qe7 29. Rc1 Qg5 30. Nc5 Nxc5 31. Qxc5 Qd2 32. Qc3 Rxd3 33. Qxd2 Rxd2
34. Rxb5 Rf8 35. Rxc6 Rdxf2 36. Rxe6 Ra2 37. a6 h6 38. Rb7 Ra8 39. Ree7 R8xa6
40. Rxg7 Re2 41. Rge7 Rg6 42. Rb8+ Rg8 43. Rxg8+ Kxg8 44. Kf1 Ra2 45. e5 Rb2
46. Rd7 Rb5 47. Rd6 h5 48. Rg6+ 1-0

[Event "3e Tournoi de Maitres"]
[Site "Montigny le Bretonneux"]
[Date "2016.10.25"]
[Round "4.1"]
[White "Guliyev, Namig"]
[Black "Todorov, Todor"]
[Result "1-0"]
[WhiteElo "2579"]
[BlackElo "2472"]
[Annotator "Rivier, Sylvain"]
[PlyCount "41"]
[EventDate "2016.10.??"]
[EventType "tourn"]
[EventRounds "9"]
[EventCountry "FRA"]
[SourceTitle "La Dame Noire"]
[Source "Sylvain Rivier"]
[SourceDate "2016.10.30"]

1. e4 d5 2. exd5 Qxd5 3. Nc3 Qa5 4. d4 Nf6 5. Nf3 Bg4 6. h3 Bxf3 7. Qxf3 c6 8.
Bd2 Nbd7 9. g4 e6 10. g5 Nd5 11. Ne4 Qb6 12. O-O-O Qxd4 13. c4 Ne5 14. Qe2 Nb6
15. Bc3 Qxc4 16. Qc2 Qxa2 17. Bxe5 Qa1+ 18. Qb1 Qa5 19. Bc3 Qa4 20. Rd4 Qb3 21.
Nd2 1-0

[Event "3e Tournoi de Maitres"]
[Site "Montigny le Bretonneux"]
[Date "2016.10.25"]
[Round "4.2"]
[White "Philippe, Guillaume"]
[Black "Duboue, Peio"]
[Result "1-0"]
[WhiteElo "2319"]
[BlackElo "2415"]
[Annotator "Rivier, Sylvain"]
[PlyCount "63"]
[EventDate "2016.10.??"]
[EventType "tourn"]
[EventRounds "9"]
[EventCountry "FRA"]
[SourceTitle "La Dame Noire"]
[Source "Sylvain Rivier"]
[SourceDate "2016.10.30"]

1. e4 d5 2. exd5 Nf6 3. d4 Bg4 4. f3 Bf5 5. g4 Bg6 6. c4 e6 7. Qb3 exd5 8. g5
Nh5 9. Qxb7 Nd7 10. Bh3 dxc4 11. Nd2 Nf4 12. Bxd7+ Kxd7 13. Nxc4 Nd3+ 14. Kf1
Be7 15. b3 f6 16. gxf6 Bxf6 17. Ba3 Ke6 18. Ne2 Rb8 19. Qc6+ Kf7 20. Ne5+ Nxe5
21. dxe5 Bxe5 22. Qc4+ Kf6 23. Nf4 Qd7 24. Nd5+ Kf7 25. Re1 Qe6 26. Bb2 Bd3+
27. Qxd3 Qh3+ 28. Kf2 Bxb2 29. Qc4 Bd4+ 30. Qxd4 Rhe8 31. Qg4 Qh6 32. Qf4+ 1-0

[Event "3e Tournoi de Maitres"]
[Site "Montigny le Bretonneux"]
[Date "2016.10.25"]
[Round "4.3"]
[White "Eden, James"]
[Black "Choukri, Adel"]
[Result "0-1"]
[WhiteElo "2297"]
[BlackElo "2265"]
[Annotator "Rivier, Sylvain"]
[PlyCount "138"]
[EventDate "2016.10.??"]
[EventType "tourn"]
[EventRounds "9"]
[EventCountry "FRA"]
[SourceTitle "La Dame Noire"]
[Source "Sylvain Rivier"]
[SourceDate "2016.10.30"]

1. e4 e6 2. d4 d5 3. Nd2 Nf6 4. e5 Nfd7 5. Bd3 c5 6. c3 Nc6 7. Ne2 cxd4 8. cxd4
f6 9. exf6 Nxf6 10. Nf3 Bd6 11. O-O Qc7 12. h3 O-O 13. Be3 Bd7 14. Re1 Rae8 15.
Rc1 Qb8 16. Qd2 Nh5 17. Ng5 g6 18. a3 Rf6 19. Bb1 Ref8 20. Nf3 Rxf3 21. gxf3
Rxf3 22. Kg2 Qf8 23. Ng1 Rf7 24. Rc3 Bb8 25. Bh6 Nf4+ 26. Bxf4 Bxf4 27. Qd1 Qh6
28. Nf3 e5 29. Nxe5 Nxe5 30. dxe5 Qg5+ 31. Kf1 Bg3 32. Qxd5 Bxh3+ 33. Ke2 Qh5+
34. f3 Kg7 35. Ba2 Rf5 36. Qxb7+ Kh6 37. Rd1 Rxe5+ 38. Re3 Rxe3+ 39. Kxe3 Qc5+
40. Rd4 Bf5 41. Qb4 Qe5+ 42. Re4 Bf4+ 43. Kf2 Bxe4 44. fxe4 Bc1 45. Ke1 Bxb2
46. Qf8+ Kg5 47. Qd8+ Kh5 48. Qd1+ Kh6 49. Qd2+ g5 50. Qe2 Qc3+ 51. Kf2 Qxa3
52. Qc4 Qd6 53. Ke2 Bf6 54. Qg8 Qh2+ 55. Kd3 Qg3+ 56. Kc4 Qc3+ 57. Kb5 Qd3+ 58.
Bc4 Qd7+ 59. Ka6 Qc6+ 60. Kxa7 Bd4+ 61. Kb8 Qxe4 62. Qe6+ Qxe6 63. Bxe6 Kh5 64.
Kc7 g4 65. Kd6 Kh4 66. Bd5 h5 67. Bc6 Kh3 68. Kd5 g3 69. Ke6 g2 0-1

[Event "3e Tournoi de Maitres"]
[Site "Montigny le Bretonneux"]
[Date "2016.10.25"]
[Round "4.4"]
[White "Sohier, Julien"]
[Black "Dimitrov, Atanas"]
[Result "0-1"]
[WhiteElo "2282"]
[BlackElo "2301"]
[Annotator "Rivier, Sylvain"]
[PlyCount "80"]
[EventDate "2016.10.??"]
[EventType "tourn"]
[EventRounds "9"]
[EventCountry "FRA"]
[SourceTitle "La Dame Noire"]
[Source "Sylvain Rivier"]
[SourceDate "2016.10.30"]

1. d4 d6 2. e4 Nf6 3. Nc3 e5 4. dxe5 dxe5 5. Qxd8+ Kxd8 6. Bg5 Be6 7. O-O-O+
Nbd7 8. f4 exf4 9. Nge2 Bd6 10. Nxf4 h6 11. Nxe6+ fxe6 12. Be3 Ng4 13. Bd4 Be5
14. Be2 Bxd4 15. Bxg4 Be3+ 16. Kb1 Ke7 17. Rhe1 Bf4 18. g3 Bd6 19. Ne2 Ne5 20.
Bh3 g5 21. Nd4 g4 22. Bg2 Rhf8 23. Rf1 Nc4 24. Kc1 Ne3 25. Rxf8 Rxf8 26. Rd2 c5
27. Nb5 Be5 28. c3 Nc4 29. Re2 a6 30. b3 axb5 31. bxc4 bxc4 32. Rc2 b5 33. Kb1
h5 34. Rc1 Rd8 35. Bf1 Rd2 36. Rc2 Rd1+ 37. Rc1 Rxc1+ 38. Kxc1 Bxc3 39. a4 bxa4
40. Bxc4 Bd4 0-1

[Event "3e Tournoi de Maitres"]
[Site "Montigny le Bretonneux"]
[Date "2016.10.25"]
[Round "4.5"]
[White "Mirimanian, Hayk"]
[Black "Valuet, Bertrand"]
[Result "1-0"]
[WhiteElo "2243"]
[BlackElo "2300"]
[Annotator "Rivier, Sylvain"]
[PlyCount "141"]
[EventDate "2016.10.??"]
[EventType "tourn"]
[EventRounds "9"]
[EventCountry "FRA"]
[SourceTitle "La Dame Noire"]
[Source "Sylvain Rivier"]
[SourceDate "2016.10.30"]

1. e4 e5 2. Nf3 Nc6 3. Bc4 Nf6 4. d3 d5 5. exd5 Nxd5 6. O-O Bc5 7. Re1 O-O 8.
Nxe5 Bxf2+ 9. Kxf2 Nxe5 10. Rxe5 Qh4+ 11. Kf1 Qf6+ 12. Qf3 Qxe5 13. Bxd5 c6 14.
Bb3 a5 15. a4 Be6 16. Qf4 Qh5 17. Nc3 Rfe8 18. Bd2 Bxb3 19. cxb3 Re6 20. Kg1
Qc5+ 21. d4 Qb6 22. Rf1 Rf6 23. Qg4 h5 24. Qe4 Rxf1+ 25. Kxf1 Qxb3 26. d5 cxd5
27. Nxd5 Rd8 28. Ne7+ Kf8 29. Bxa5 Qd1+ 30. Qe1 Rd4 31. Qxd1 Rxd1+ 32. Ke2 Rb1
33. Nd5 Rxb2+ 34. Bd2 Ke8 35. Nf4 h4 36. Nd3 Rc2 37. a5 f6 38. Ne1 Rc6 39. Nf3
g5 40. Nd4 Ra6 41. Nb5 Kd7 42. Bc3 Kc6 43. Nd4+ Kd5 44. Kd3 b6 45. Nb5 Kc5 46.
Nc7 Rxa5 47. Bxa5 bxa5 48. Ne8 Kd5 49. Nxf6+ Ke5 50. Nd7+ Kf4 51. Ke2 a4 52.
Nb6 a3 53. Nd5+ Ke5 54. Nc3 Kf4 55. Kf2 Kg4 56. Ke3 Kf5 57. Kf3 Ke5 58. Kg4 Kf6
59. g3 Kg6 60. Na2 Kf6 61. Nc3 Kg6 62. Na2 Kf6 63. Kf3 Ke6 64. Ke4 Kd6 65. Kd4
Ke6 66. g4 Kd6 67. Nc3 Kc6 68. h3 Kb6 69. Kd5 Ka5 70. Kc4 Kb6 71. Kb3 1-0

[Event "3e Tournoi de Maitres"]
[Site "Montigny le Bretonneux"]
[Date "2016.10.26"]
[Round "5.1"]
[White "Valuet, Bertrand"]
[Black "Guliyev, Namig"]
[Result "0-1"]
[WhiteElo "2300"]
[BlackElo "2579"]
[Annotator "Rivier, Sylvain"]
[PlyCount "68"]
[EventDate "2016.10.??"]
[EventType "tourn"]
[EventRounds "9"]
[EventCountry "FRA"]
[SourceTitle "La Dame Noire"]
[Source "Sylvain Rivier"]
[SourceDate "2016.10.30"]

1. d4 d5 2. c4 dxc4 3. e3 Nf6 4. Bxc4 a6 5. Nf3 e6 6. O-O b5 7. Bb3 Bb7 8. Qe2
Nbd7 9. Rd1 c5 10. Nc3 Qc7 11. e4 cxd4 12. e5 dxc3 13. exf6 Nxf6 14. Ne5 Bc5
15. bxc3 Ne4 16. Bf4 O-O 17. Rd7 Qb6 18. Bg3 Rad8 19. Bc2 Nxg3 20. hxg3 Rxd7
21. Bxh7+ Kxh7 22. Nxd7 Bxf2+ 23. Kh2 Rh8 24. Qh5+ Kg8 25. Qxh8+ Kxh8 26. Nxb6
Bxb6 27. a4 bxa4 28. Rxa4 a5 29. c4 Bc6 30. Ra2 a4 31. c5 Ba5 32. Rb2 Kh7 33.
g4 Bc3 34. Rb6 a3 0-1